[Event "Manhem IM Swiss"]
[Site "?"]
[Date "2000.06.14"]
[Round "1"]
[White "Polej, Vladimir"]
[Black "Lahlum, Hans Olav"]
[Result "1-0"]
[WhiteElo "2341"]
[BlackElo "2215"]
[PlyCount "79"]
[EventDate "2000.06.14"]

1. Nf3 d5 2. g3 c6 3. Bg2 Bg4 4. b3 Nd7 5. Bb2 Ngf6 6. c4 e6 7. O-O Bd6 8. d3
O-O 9. Nbd2 Qe7 10. a4 e5 11. cxd5 cxd5 12. h3 Be6 13. Ng5 Rac8 14. a5 Rc7 15.
e4 dxe4 16. dxe4 Rd8 17. Nxe6 Qxe6 18. Nc4 Be7 19. Qe2 Nc5 20. Bxe5 Rcc8 21.
Rab1 Rd3 22. b4 Qxc4 23. Rfc1 Qe6 24. bxc5 Rb3 25. Rxb3 Qxb3 26. Bd4 Qb4 27.
Rc4 Qxa5 28. e5 Ne8 29. Bxb7 Rd8 30. e6 f6 31. Bc6 Qa6 32. Bd7 Nc7 33. Qc2 Nxe6
34. Ra4 Nxd4 35. Qa2+ Kf8 36. Rxa6 Rxd7 37. c6 Rc7 38. Qd5 Nc2 39. Ra4 Rc8 40.
Qe4 1-0

[Event "Manhem IM Swiss"]
[Site "?"]
[Date "2000.06.14"]
[Round "1"]
[White "Eriksson, Jonas"]
[Black "Couso, Luis"]
[Result "0-1"]
[WhiteElo "2199"]
[BlackElo "2317"]
[PlyCount "146"]
[EventDate "2000.06.14"]

1. d4 e6 2. Nf3 Nf6 3. Bf4 d5 4. e3 c5 5. c3 Nc6 6. Bd3 Qb6 7. Qc1 Bd7 8. O-O
Nh5 9. Ne5 Nxf4 10. Nxd7 Kxd7 11. exf4 cxd4 12. Nd2 Bd6 13. Nf3 h6 14. g3 Rac8
15. a4 a6 16. Qd1 Rc7 17. cxd4 Kc8 18. Qe2 Kb8 19. Rfd1 Qb4 20. f5 exf5 21.
Bxf5 Re7 22. Qd2 Rhe8 23. Kf1 Qxd2 24. Rxd2 Bb4 25. Rc2 Na5 26. Rac1 Nc4 27.
Bd3 Nd6 28. Ne5 f6 29. Ng6 Re1+ 30. Rxe1 Rxe1+ 31. Kg2 Rd1 32. Nf4 g5 33. Be2
Rxd4 34. Ne6 Re4 35. Nf8 Re7 36. Bd3 Ne4 37. f3 Nc5 38. Bf5 Ka7 39. Ng6 Re8 40.
a5 d4 41. Rc4 Re2+ 42. Kh3 Rxb2 43. Rxd4 Bxa5 44. Rd6 Bc3 45. Ne7 Re2 46. Nc8+
Kb8 47. Rd8 Kc7 48. Rh8 a5 49. Rh7+ Kc6 50. Na7+ Kb6 51. Nc8+ Kb5 52. Nd6+ Kc6
53. Ne4 Nxe4 54. Bxe4+ Rxe4 55. fxe4 a4 56. Rh8 Be5 57. Kg4 b5 58. Kf5 a3 59.
Ra8 b4 60. Ke6 Kc5 61. h4 gxh4 62. gxh4 Kd4 63. h5 b3 64. Ra4+ Kc3 65. Rxa3 Kc2
66. Kf5 b2 67. Ra2 Kb3 68. Rxb2+ Kxb2 69. Kg6 Kc3 70. Kxh6 Kd4 71. Kg6 Kxe4 72.
h6 f5 73. Kh5 f4 0-1

[Event "Manhem IM Swiss"]
[Site "?"]
[Date "2000.06.14"]
[Round "1"]
[White "Köhn, Peter"]
[Black "Aleksejev, Vadim"]
[Result "1-0"]
[WhiteElo "2310"]
[BlackElo "2440"]
[PlyCount "54"]
[EventDate "2000.06.14"]

1. e4 e6 2. d3 d5 3. Nd2 c5 4. Ngf3 Nc6 5. g3 g6 6. Bg2 Bg7 7. O-O Nge7 8. Re1
b6 9. c3 a5 10. exd5 Nxd5 11. Nc4 O-O 12. a4 Ra7 13. Bg5 f6 14. Bd2 e5 15. Qb3
Kh8 16. Rad1 Ba6 17. Bc1 Rd7 18. Bh3 Rb7 19. d4 b5 20. Nd6 Qxd6 21. dxc5 Qc7
22. Qxd5 bxa4 23. Nd2 a3 24. bxa3 Rd8 25. Qe6 Rbb8 26. Bg2 Bb7 27. Nc4 Re8 1-0

[Event "Manhem IM Swiss"]
[Site "?"]
[Date "2000.06.14"]
[Round "1"]
[White "Smetankin, Stanislav"]
[Black "Welin, Mats"]
[Result "1-0"]
[WhiteElo "2401"]
[BlackElo "2286"]
[PlyCount "59"]
[EventDate "2000.06.14"]

1. c4 Nf6 2. Nc3 c5 3. g3 d5 4. cxd5 Nxd5 5. Bg2 Nc7 6. d3 e5 7. Nf3 Nc6 8. Nd2
Bd7 9. O-O Be7 10. Nc4 f6 11. f4 b5 12. Ne3 exf4 13. gxf4 Rc8 14. Rf2 Nd4 15.
f5 O-O 16. Ned5 Nxd5 17. Bxd5+ Kh8 18. e4 Bd6 19. Be3 Be5 20. Kh1 Bc6 21. Bxc6
Rxc6 22. Nd5 Rd6 23. Qg4 Rf7 24. Rg2 Rxd5 25. exd5 Qxd5 26. Rag1 Qd7 27. Qe4
Rf8 28. Rxg7 Qxg7 29. Rxg7 Kxg7 30. b4 1-0

[Event "Manhem IM Swiss"]
[Site "?"]
[Date "2000.06.14"]
[Round "1"]
[White "Carlsson, Pontus"]
[Black "Westerinen, Heikki"]
[Result "1/2-1/2"]
[WhiteElo "2235"]
[BlackElo "2392"]
[PlyCount "27"]
[EventDate "2000.06.14"]

1. e4 e5 2. Nf3 Nc6 3. d4 exd4 4. Nxd4 Bc5 5. Be3 Qf6 6. c3 Qg6 7. Qe2 Nxd4 8.
Bxd4 Bxd4 9. cxd4 Ne7 10. Nc3 O-O 11. O-O-O c6 12. Qe3 d5 13. f3 dxe4 14. fxe4
1/2-1/2

[Event "Manhem IM Swiss"]
[Site "?"]
[Date "2000.06.14"]
[Round "1"]
[White "Forsberg, Jan-Olof"]
[Black "Lönngren, Tobias"]
[Result "0-1"]
[WhiteElo "2190"]
[BlackElo "2009"]
[PlyCount "54"]
[EventDate "2000.06.14"]

1. d4 d5 2. c4 c6 3. Nf3 Nf6 4. Nc3 dxc4 5. a4 Na6 6. e3 Bg4 7. Bxc4 e6 8. Be2
Be7 9. O-O O-O 10. Ne5 Bxe2 11. Qxe2 Nb4 12. b3 Nbd5 13. Bb2 Nxc3 14. Bxc3 Nd5
15. Rac1 Bd6 16. Nc4 Qb8 17. Nxd6 Qxd6 18. Bb2 f5 19. f3 f4 20. e4 Ne3 21. Rf2
Qe7 22. Rc5 Rad8 23. Rh5 g6 24. Rh3 e5 25. g3 Qe6 26. gxf4 exf4 27. Rh4 Qxb3
0-1

[Event "Manhem IM Swiss"]
[Site "?"]
[Date "2000.06.15"]
[Round "2"]
[White "Lahlum, Hans Olav"]
[Black "Welin, Mats"]
[Result "1/2-1/2"]
[WhiteElo "2215"]
[BlackElo "2286"]
[PlyCount "37"]
[EventDate "2000.06.14"]

1. d4 Nf6 2. c4 e6 3. Nc3 Bb4 4. Qc2 O-O 5. a3 Bxc3+ 6. Qxc3 b6 7. Bg5 Bb7 8.
Nf3 d6 9. Nd2 Nbd7 10. f3 c5 11. e4 Qc7 12. Be2 d5 13. cxd5 exd5 14. e5 h6 15.
Be3 Nxe5 16. dxe5 d4 17. Bxd4 Nd5 18. Qc4 cxd4 19. Qxc7 1/2-1/2

[Event "Manhem IM Swiss"]
[Site "?"]
[Date "2000.06.15"]
[Round "2"]
[White "Andersson, Fredrik"]
[Black "Carlsson, Pontus"]
[Result "0-1"]
[WhiteElo "2035"]
[BlackElo "2235"]
[PlyCount "112"]
[EventDate "2000.06.14"]

1. e4 e6 2. d4 d5 3. Nc3 Nf6 4. e5 Nfd7 5. f4 c5 6. Nf3 Nc6 7. Be3 a6 8. Qd2 b5
9. dxc5 Bxc5 10. Bxc5 Nxc5 11. Bd3 Qb6 12. Qf2 b4 13. Ne2 a5 14. O-O Ba6 15.
Ng3 g6 16. Bxa6 Rxa6 17. Rad1 Na4 18. Qxb6 Rxb6 19. Rb1 O-O 20. Ne2 Rc8 21. Kf2
Rb7 22. Ke3 Nb6 23. Nfd4 Nc4+ 24. Kd3 Nb8 25. b3 Na3 26. Rbc1 Na6 27. g4 Nc5+
28. Ke3 Rbc7 29. f5 Nd7 30. fxe6 Nxe5 31. exf7+ Nxf7 32. Nf4 Nxc2+ 33. Nxc2
Rxc2 34. Rxc2 Rxc2 35. Nxd5 Rxa2 36. Rf2 Rxf2 37. Kxf2 Ne5 38. h3 Kf7 39. Ke3
Ke6 40. Kd4 Nf3+ 41. Kc5 Nd2 42. Nf4+ Kf6 43. h4 Nxb3+ 44. Kb5 Ke5 45. Nd3+ Ke4
46. Nb2 Kf4 47. g5 Kg4 48. Ka4 Nc1 49. Kxa5 b3 50. Kb4 Kxh4 51. Kc3 Kxg5 52.
Kd2 Na2 53. Nd3 h5 54. Nc5 b2 55. Kc2 h4 56. Kxb2 h3 0-1

[Event "Manhem IM Swiss"]
[Site "?"]
[Date "2000.06.15"]
[Round "2"]
[White "Lönngren, Tobias"]
[Black "Smetankin, Stanislav"]
[Result "0-1"]
[WhiteElo "2009"]
[BlackElo "2401"]
[PlyCount "99"]
[EventDate "2000.06.14"]

1. d4 Nf6 2. Nf3 c5 3. d5 e6 4. c4 exd5 5. cxd5 g6 6. Nc3 d6 7. h3 Bg7 8. e4
O-O 9. Bd3 b5 10. Bxb5 Nxe4 11. Nxe4 Qa5+ 12. Nfd2 Qxb5 13. Nxd6 Qd3 14. N2c4
Qxd1+ 15. Kxd1 Ba6 16. Kc2 Nd7 17. Rb1 Nb6 18. Nxb6 axb6 19. Bf4 Rfd8 20. Rhd1
Rd7 21. a4 Be2 22. Re1 Rxa4 23. Bg3 Re7 24. Ra1 Rd4 25. Ra8+ Bf8 26. Re8 Bd3+
27. Kc3 Rxe1 28. Rxe1 Rxd5 29. Ne8 Bg7+ 30. Nxg7 Kxg7 31. Bc7 b5 32. Re5 Rd7
33. Rxc5 Bf1 34. g4 Bxh3 35. g5 f6 36. f4 h5 37. gxf6+ Kxf6 38. Be5+ Kf5 39.
Rxb5 Bf1 40. Rb6 Bd3 41. Bd6 Bb1 42. Kd4 Ke6 43. Kc5 h4 44. Be5+ Kf5 45. Rf6+
Kg4 46. b4 Bf5 47. b5 h3 48. Ra6 h2 49. Ra1 Be4 50. f5 0-1

[Event "Manhem IM Swiss"]
[Site "?"]
[Date "2000.06.15"]
[Round "2"]
[White "Couso, Luis"]
[Black "Polej, Vladimir"]
[Result "1-0"]
[WhiteElo "2317"]
[BlackElo "2341"]
[PlyCount "59"]
[EventDate "2000.06.14"]

1. e4 g6 2. d4 Bg7 3. c3 c6 4. Bd3 d5 5. Nd2 Nh6 6. Ne2 f6 7. O-O O-O 8. Qb3 e6
9. Nf3 Nf7 10. c4 dxe4 11. Bxe4 Na6 12. Bc2 c5 13. Be3 cxd4 14. Nfxd4 e5 15.
Nb5 Be6 16. Be4 Qe7 17. Nec3 f5 18. Bd5 f4 19. Bxa7 Ng5 20. Rfe1 Kh8 21. Rad1
f3 22. Be3 Nh3+ 23. gxh3 Bxh3 24. Ne4 Qh4 25. Ng3 Bg2 26. c5 Qh3 27. Be6 Rf5
28. Nd6 Raf8 29. Bxf5 gxf5 30. Nf7+ 1-0

[Event "Manhem IM Swiss"]
[Site "?"]
[Date "2000.06.15"]
[Round "2"]
[White "Nygren, Kim"]
[Black "Forsberg, Jan-Olof"]
[Result "1-0"]
[WhiteElo "2189"]
[BlackElo "2190"]
[PlyCount "73"]
[EventDate "2000.06.14"]

1. e4 e5 2. Nf3 Nc6 3. Bb5 f5 4. Nc3 fxe4 5. Nxe4 Nf6 6. Qe2 d5 7. Nxf6+ gxf6
8. d4 Bg7 9. dxe5 O-O 10. e6 Ne5 11. Nd4 c6 12. Bd3 Nxd3+ 13. cxd3 Re8 14. O-O
c5 15. Nf5 Bxe6 16. Nxg7 Kxg7 17. Qh5 Qe7 18. Re1 Qf7 19. Qh6+ Kh8 20. Re3 d4
21. Rg3 Rg8 22. Bf4 Rxg3 23. Bxg3 Rg8 24. Bh4 Rg6 25. Qf4 Bd5 26. f3 Qg7 27.
Bg3 Qh6 28. Qd6 Qe3+ 29. Kh1 Qe6 30. Qxc5 h5 31. Re1 Qf5 32. Qxd4 Bxf3 33. gxf3
Qxf3+ 34. Kg1 Rxg3+ 35. hxg3 Qxg3+ 36. Kf1 Qh3+ 37. Ke2 1-0

[Event "Manhem IM Swiss"]
[Site "?"]
[Date "2000.06.15"]
[Round "2"]
[White "Wesslén, Ulf"]
[Black "Köhn, Peter"]
[Result "0-1"]
[WhiteElo "2064"]
[BlackElo "2310"]
[PlyCount "92"]
[EventDate "2000.06.14"]

1. Nf3 c5 2. b3 d6 3. e3 e6 4. Bb2 Nd7 5. Be2 Ngf6 6. O-O Be7 7. c4 O-O 8. Qc2
b6 9. Nc3 Bb7 10. d4 cxd4 11. Nxd4 a6 12. Rad1 Qc7 13. Bf3 Rac8 14. Qb1 Rfd8
15. Bxb7 Qxb7 16. e4 Bf8 17. Rfe1 g5 18. Nde2 b5 19. cxb5 axb5 20. Ng3 b4 21.
Nce2 h5 22. Nc1 h4 23. Nf1 g4 24. Nd2 g3 25. fxg3 Ng4 26. Nf3 e5 27. gxh4 Qb6+
28. Nd4 exd4 29. Bxd4 Qb5 30. Qb2 Nde5 31. h3 Nf6 32. Qd2 Bg7 33. Rf1 Nxe4 34.
Qf4 Qd5 35. Bb6 Qb7 36. Bxd8 Rxd8 37. Ne2 Ng6 38. Qe3 Nxh4 39. Rf4 Nc3 40. Rxh4
Nxd1 41. Qg3 Qe7 42. Qg4 Re8 43. Nf4 Nf2 44. Qh5 Qe1+ 45. Kh2 Qh1+ 46. Kg3 Re3+
0-1

[Event "Manhem IM Swiss"]
[Site "?"]
[Date "2000.06.16"]
[Round "3"]
[White "Polej, Vladimir"]
[Black "Wesslén, Ulf"]
[Result "1-0"]
[WhiteElo "2341"]
[BlackElo "2064"]
[PlyCount "75"]
[EventDate "2000.06.14"]

1. Nf3 e6 2. g3 f5 3. Bg2 Nf6 4. O-O d5 5. c4 c6 6. b3 Bd6 7. d4 O-O 8. Ba3
Bxa3 9. Nxa3 Bd7 10. b4 Qe7 11. Qb3 Ne4 12. Rfc1 Be8 13. b5 dxc4 14. Rxc4 Nd6
15. bxc6 Bxc6 16. Rcc1 Bd5 17. Qe3 Nc6 18. Nc2 b5 19. Qf4 a5 20. Ne3 Be4 21. h4
Ra6 22. Rd1 h6 23. h5 Nf7 24. Nh4 Nxd4 25. Rxd4 Qf6 26. Rad1 Bxg2 27. Ng4 Qg5
28. Qxg5 hxg5 29. Ng6 Re8 30. Kxg2 fxg4 31. Rd7 e5 32. Ne7+ Kh7 33. Nf5 Rf6 34.
e4 Rc8 35. Rb7 Nh6 36. Nxg7 Kh8 37. Rdd7 Rc2 38. Nf5 1-0

[Event "Manhem IM Swiss"]
[Site "?"]
[Date "2000.06.16"]
[Round "3"]
[White "Welin, Mats"]
[Black "Andersson, Fredrik"]
[Result "0-1"]
[WhiteElo "2286"]
[BlackElo "2035"]
[PlyCount "126"]
[EventDate "2000.06.14"]

1. e4 c5 2. Nf3 Nc6 3. d4 cxd4 4. Nxd4 g6 5. c4 Bg7 6. Be3 Nf6 7. Nc3 O-O 8.
Be2 d6 9. O-O Bd7 10. Rc1 Nxd4 11. Bxd4 Bc6 12. Qd3 Nd7 13. Bxg7 Kxg7 14. b4 b6
15. f4 Bb7 16. Rcd1 Bc6 17. Qd4+ Nf6 18. Bf3 Kg8 19. e5 Bxf3 20. Rxf3 dxe5 21.
Qxe5 Qe8 22. Rfd3 Rc8 23. Rd4 Ng4 24. Qe2 Nf6 25. f5 Qc6 26. Nb5 Qb7 27. Qe5
Rc6 28. Re1 a6 29. Nc3 Rfc8 30. Nd5 Nxd5 31. cxd5 Rc1 32. Rde4 Rxe1+ 33. Rxe1
Qc7 34. fxg6 hxg6 35. Qxe7 Qxe7 36. Rxe7 Rc1+ 37. Kf2 Kf8 38. Rb7 b5 39. Ke3
Rc4 40. d6 Ke8 41. Re7+ Kd8 42. Rxf7 Rxb4 43. Rg7 Ra4 44. Rxg6 Rxa2 45. h4 b4
46. h5 Ra1 47. Rg7 Rh1 48. g4 b3 49. Rb7 a5 50. Kd2 a4 51. g5 a3 52. Rxb3 a2
53. Ra3 a1=Q 54. Rxa1 Rxa1 55. g6 Rg1 56. Ke3 Kd7 57. Kf4 Kxd6 58. Kf5 Rf1+ 59.
Kg5 Ke7 60. h6 Kf8 61. Kg4 Rg1+ 62. Kf5 Rh1 63. Kg5 Kg8 0-1

[Event "Manhem IM Swiss"]
[Site "?"]
[Date "2000.06.16"]
[Round "3"]
[White "Eriksson, Jonas"]
[Black "Westerinen, Heikki"]
[Result "0-1"]
[WhiteElo "2199"]
[BlackElo "2392"]
[PlyCount "132"]
[EventDate "2000.06.14"]

1. d4 e6 2. c4 c5 3. d5 exd5 4. cxd5 d6 5. Nc3 Ne7 6. e4 Ng6 7. f4 Be7 8. Nf3
Bf6 9. Be2 O-O 10. O-O a6 11. a4 Re8 12. Qc2 Nd7 13. Kh1 b6 14. Nd2 Bd4 15. Nc4
Nf6 16. Bf3 Nh4 17. f5 Nxf3 18. gxf3 Nh5 19. Ne2 Qh4 20. Be3 Bxf5 21. Bxd4 cxd4
22. Nxd6 Bh3 23. Nxe8 Bxf1 24. Rxf1 Rxe8 25. Qd3 f5 26. Qxd4 fxe4 27. fxe4 Rxe4
28. Qxb6 h6 29. Qf2 Qxf2 30. Rxf2 Rxa4 31. d6 Ra1+ 32. Kg2 Rd1 33. Rf5 Nf6 34.
Nc3 Rxd6 35. Rf2 Rb6 36. Re2 Kf7 37. Kf3 Rb3 38. Kg2 g5 39. Na4 Nd5 40. Rf2+
Nf4+ 41. Kf1 Rb4 42. Nc3 Ke6 43. Rd2 Ke5 44. Na2 Ra4 45. b4 Ra3 46. b5 axb5 47.
Nb4 Rb3 48. Nc6+ Ke4 49. Rd7 Rb1+ 50. Kf2 Rb2+ 51. Kg1 h5 52. Re7+ Kd5 53. Nd8
b4 54. Nf7 b3 55. Re1 Rg2+ 56. Kh1 b2 57. Rd1+ Ke6 58. Nd8+ Kf6 59. h4 gxh4 60.
Ne6 Rd2 61. Rxd2 b1=Q+ 62. Kh2 Nxe6 63. Rf2+ Kg6 64. Rf1 Qc2+ 65. Kh1 Qe4+ 66.
Kg1 Nf4 0-1

[Event "Manhem IM Swiss"]
[Site "?"]
[Date "2000.06.16"]
[Round "3"]
[White "Köhn, Peter"]
[Black "Carlsson, Pontus"]
[Result "0-1"]
[WhiteElo "2310"]
[BlackElo "2235"]
[PlyCount "80"]
[EventDate "2000.06.14"]

1. e4 c5 2. Nf3 d6 3. d4 cxd4 4. Nxd4 Nf6 5. Nc3 g6 6. Bg5 Bd7 7. Be2 Bg7 8.
Be3 O-O 9. O-O Nc6 10. f4 Rc8 11. Kh1 Na5 12. e5 Ne8 13. e6 fxe6 14. Bg4 Nc7
15. Nxe6 Nxe6 16. Qd5 Rf5 17. Bxf5 gxf5 18. Qxf5 Nc4 19. Qe4 Nxe3 20. Qxe3 Nd4
21. Rad1 e5 22. Ne4 Qe7 23. Ng5 Ne6 24. Qb3 exf4 25. Rfe1 Qxg5 26. Rxe6 Kh8 27.
Rexd6 Bc6 28. R6d2 Rf8 29. Rf2 Qh4 30. Rdf1 Be5 31. Qe6 f3 32. g4 Qg5 33. c3
Bf4 34. Rxf3 Qh4 35. Qe2 Qxg4 36. Qg2 Qxg2+ 37. Kxg2 Bd6 38. h3 Rxf3 39. Rxf3
Kg7 40. Kf2 Bxf3 0-1

[Event "Manhem IM Swiss"]
[Site "?"]
[Date "2000.06.16"]
[Round "3"]
[White "Smetankin, Stanislav"]
[Black "Couso, Luis"]
[Result "1/2-1/2"]
[WhiteElo "2401"]
[BlackElo "2317"]
[PlyCount "41"]
[EventDate "2000.06.14"]

1. c4 Nf6 2. Nc3 e5 3. g3 g6 4. Bg2 Bg7 5. e4 d6 6. Nge2 Nbd7 7. O-O O-O 8. d3
a6 9. f4 b5 10. cxb5 axb5 11. Nxb5 Ba6 12. Nec3 Qb8 13. Na3 Nc5 14. Nc4 Bxc4
15. dxc4 Nb3 16. fxe5 dxe5 17. Rb1 Nxc1 18. Qxc1 Qa7+ 19. Kh1 Ng4 20. Bh3 Bh6
21. Qe1 1/2-1/2

[Event "Manhem IM Swiss"]
[Site "?"]
[Date "2000.06.16"]
[Round "3"]
[White "Lönngren, Tobias"]
[Black "Nygren, Kim"]
[Result "0-1"]
[WhiteElo "2009"]
[BlackElo "2189"]
[PlyCount "64"]
[EventDate "2000.06.14"]

1. d4 Nf6 2. Nf3 e6 3. c4 c5 4. d5 exd5 5. cxd5 d6 6. Nc3 g6 7. Nd2 Bg7 8. Nc4
O-O 9. g3 Re8 10. Bg2 Bf5 11. O-O Ne4 12. Nxe4 Bxe4 13. f3 Bd4+ 14. e3 Bxd5 15.
Na3 Rxe3 16. Bxe3 Bxe3+ 17. Kh1 Bc6 18. Nc2 Bh6 19. f4 Bxg2+ 20. Kxg2 d5 21.
Qf3 Nc6 22. Rad1 d4 23. Ne3 Qd7 24. Ng4 Bg7 25. f5 Re8 26. f6 h5 27. Nf2 Bh6
28. Rfe1 Ne5 29. Qe4 Re6 30. Qh4 Nc4 31. Ng4 Bf8 32. b3 Nb2 0-1

[Event "Manhem IM Swiss"]
[Site "?"]
[Date "2000.06.17"]
[Round "4"]
[White "Nygren, Kim"]
[Black "Polej, Vladimir"]
[Result "0-1"]
[WhiteElo "2189"]
[BlackElo "2341"]
[PlyCount "70"]
[EventDate "2000.06.14"]

1. e4 g6 2. d4 Bg7 3. Nc3 c6 4. Nf3 d5 5. e5 Nh6 6. Bf4 f6 7. Qd2 Nf7 8. O-O-O
O-O 9. h4 Bg4 10. Be2 Bxf3 11. gxf3 fxe5 12. dxe5 Nxe5 13. h5 Qd6 14. Bh6 Bxh6
15. Qxh6 Nf7 16. Qd2 g5 17. Rdg1 Kh8 18. Rg4 e5 19. Bd3 Nd7 20. Bg6 Nf6 21. Rg2
h6 22. Ne2 Qe6 23. Re1 Qh3 24. Rg3 Qh2 25. Qe3 d4 26. Nxd4 exd4 27. Qe7 Nd5 28.
Qe6 Qxf2 29. Bxf7 Rxf7 30. Rg2 Qxf3 31. Qxh6+ Rh7 32. Qg6 Qxg2 33. h6 Rf8 34.
Re8 Qf1+ 35. Kd2 Qf2+ 0-1

[Event "Manhem IM Swiss"]
[Site "?"]
[Date "2000.06.17"]
[Round "4"]
[White "Westerinen, Heikki"]
[Black "Köhn, Peter"]
[Result "0-1"]
[WhiteElo "2392"]
[BlackElo "2310"]
[PlyCount "130"]
[EventDate "2000.06.14"]

1. e4 d6 2. d4 Nf6 3. Nc3 g6 4. Nf3 Bg7 5. Be2 O-O 6. O-O c6 7. a4 Nbd7 8. a5
Qc7 9. Re1 Rb8 10. Bc4 e5 11. dxe5 dxe5 12. b4 b5 13. axb6 axb6 14. Bb2 b5 15.
Bb3 Nh5 16. Ra5 Nb6 17. Qa1 Bg4 18. Nd2 Nf4 19. f3 Qd8 20. Nf1 Be6 21. Ne2
Nxe2+ 22. Rxe2 Nc4 23. Ra6 Qe7 24. Bc3 c5 25. Ra7 Qd6 26. Ra6 Rb6 27. Rxb6 Qxb6
28. Kh1 Bh6 29. Re1 Rc8 30. bxc5 Qxc5 31. Bxc4 Qxc4 32. Bxe5 Qxc2 33. Ne3 Qd2
34. Bd4 b4 35. Rd1 Qe2 36. Re1 Qb5 37. Rc1 Rxc1+ 38. Qxc1 b3 39. Qa1 Qe2 40.
Nd5 Bxd5 41. exd5 Bf8 42. h3 Qc4 43. d6 Bxd6 44. Qa8+ Bf8 45. Be5 Qe2 46. Qb8
Qd1+ 47. Kh2 f6 48. Bg3 Qd5 49. h4 Kg7 50. Bf4 Kf7 51. Qc7+ Be7 52. Qb8 h5 53.
Qh8 Qd3 54. Qh7+ Ke6 55. Qg8+ Kd7 56. Qb8 g5 57. hxg5 fxg5 58. Be5 Bd6 59. Qb7+
Ke6 60. Bxd6 Qxd6+ 61. Kh3 Qd5 62. Qc8+ Kd6 63. Qf8+ Kc6 64. Qh6+ Kc5 65. Qxh5
Qf5+ 0-1

[Event "Manhem IM Swiss"]
[Site "?"]
[Date "2000.06.17"]
[Round "4"]
[White "Lahlum, Hans Olav"]
[Black "Andersson, Fredrik"]
[Result "0-1"]
[WhiteElo "2215"]
[BlackElo "2035"]
[PlyCount "66"]
[EventDate "2000.06.14"]

1. d4 Nf6 2. c4 c5 3. d5 b5 4. cxb5 a6 5. f3 d6 6. e4 g6 7. Na3 Bg7 8. Ne2 O-O
9. Nc3 Nbd7 10. Be2 Nh5 11. O-O Bd4+ 12. Kh1 e5 13. dxe6 fxe6 14. f4 Qh4 15.
Bxh5 gxh5 16. Rf3 Nf6 17. g3 Qg4 18. Rd3 Nxe4 19. Qxg4+ hxg4 20. Be3 Nf2+ 21.
Bxf2 Bxf2 22. Kg2 Bd4 23. Kf1 e5 24. Ne2 axb5 25. Nxd4 exd4 26. Rd2 b4 27. Nc2
Be6 28. a3 d3 29. Ne3 bxa3 30. Rxa3 Rxa3 31. bxa3 c4 32. Nd1 d5 33. Kf2 d4 0-1

[Event "Manhem IM Swiss"]
[Site "?"]
[Date "2000.06.17"]
[Round "4"]
[White "Wesslén, Ulf"]
[Black "Eriksson, Jonas"]
[Result "0-1"]
[WhiteElo "2064"]
[BlackElo "2199"]
[PlyCount "66"]
[EventDate "2000.06.14"]

1. e4 Nf6 2. e5 Nd5 3. d4 d6 4. c4 Nb6 5. Nf3 dxe5 6. Nxe5 g6 7. h3 Bg7 8. Bf4
O-O 9. Nc3 N8d7 10. Nf3 c5 11. d5 a6 12. Qd2 Re8 13. Be2 Nf6 14. O-O e6 15. a4
exd5 16. cxd5 Bf5 17. Rfe1 Ne4 18. Nxe4 Bxe4 19. Bd1 Nd7 20. Rc1 Qb6 21. b3
Rad8 22. Ng5 Nf6 23. a5 Qb5 24. d6 h6 25. Be2 Qd7 26. Nxf7 Qxf7 27. Rxc5 Kh7
28. Bc4 Qd7 29. Qc1 Bc6 30. Bxa6 Rxe1+ 31. Qxe1 bxa6 32. Qc1 Rc8 33. Qd2 Ne4
0-1

[Event "Manhem IM Swiss"]
[Site "?"]
[Date "2000.06.17"]
[Round "4"]
[White "Welin, Mats"]
[Black "Forsberg, Jan-Olof"]
[Result "1-0"]
[WhiteElo "2286"]
[BlackElo "2190"]
[PlyCount "55"]
[EventDate "2000.06.14"]

1. e4 c5 2. Nf3 d6 3. d4 cxd4 4. Nxd4 Nf6 5. Nc3 g6 6. Be2 Bg7 7. O-O O-O 8.
Re1 Nc6 9. Nb3 Be6 10. Bf1 a5 11. a4 Nb4 12. h3 Rc8 13. Bg5 h6 14. Be3 Nd7 15.
Nd4 Bc4 16. Bxc4 Rxc4 17. Re2 Kh7 18. Ncb5 Nc6 19. c3 Nxd4 20. cxd4 Nb8 21. Qb3
d5 22. Nc3 Rb4 23. Qa2 e6 24. exd5 Bxd4 25. dxe6 Nc6 26. Nd5 Rxb2 27. Rxb2 Bxb2
28. Rd1 1-0

[Event "Manhem IM Swiss"]
[Site "?"]
[Date "2000.06.17"]
[Round "4"]
[White "Aleksejev, Vadim"]
[Black "Lönngren, Tobias"]
[Result "1-0"]
[WhiteElo "2440"]
[BlackElo "2009"]
[PlyCount "53"]
[EventDate "2000.06.14"]

1. d4 d5 2. Bf4 c6 3. e3 Bf5 4. Nd2 e6 5. Ngf3 Nf6 6. Ne5 Nbd7 7. g4 Bg6 8. h4
Nxe5 9. dxe5 Nxg4 10. Qxg4 Bxc2 11. Rc1 Bf5 12. Qd1 Qa5 13. a3 O-O-O 14. Rc3 d4
15. exd4 Rxd4 16. Qf3 Qa4 17. Bc4 h5 18. O-O g5 19. hxg5 Be7 20. Bb3 Bxg5 21.
Bxa4 Rxf4 22. Qg2 Rg4 23. Rg3 Bxd2 24. Rxg4 Bxg4 25. f3 Be3+ 26. Kh1 Bf5 27.
Rd1 1-0

[Event "Manhem IM Swiss"]
[Site "?"]
[Date "2000.06.18"]
[Round "5"]
[White "Andersson, Fredrik"]
[Black "Aleksejev, Vadim"]
[Result "0-1"]
[WhiteElo "2035"]
[BlackElo "2440"]
[PlyCount "72"]
[EventDate "2000.06.14"]

1. d4 Nf6 2. c4 e6 3. Nc3 Bb4 4. e3 O-O 5. Bd3 b6 6. Nge2 Bb7 7. O-O d5 8. a3
Be7 9. cxd5 exd5 10. Ng3 Re8 11. Qc2 Nbd7 12. Nf5 Bf8 13. Nb5 Ba6 14. a4 g6 15.
Ng3 c6 16. Nc3 Bb7 17. f4 Bg7 18. f5 Nf8 19. Nce2 Rc8 20. Qb3 Rc7 21. a5 b5 22.
a6 Bc8 23. Bd2 Rce7 24. Rf3 g5 25. Bc2 N8d7 26. Bb4 Nb6 27. Bxe7 Qxe7 28. Nf1
Nc4 29. Neg3 h5 30. Bd3 h4 31. Ne2 g4 32. Rf2 Nxe3 33. Nxe3 Qxe3 34. Bc2 Bh6
35. Ra3 Qd2 36. Ng3 hxg3 0-1

[Event "Manhem IM Swiss"]
[Site "?"]
[Date "2000.06.18"]
[Round "5"]
[White "Forsberg, Jan-Olof"]
[Black "Wesslén, Ulf"]
[Result "1-0"]
[WhiteElo "2190"]
[BlackElo "2064"]
[PlyCount "121"]
[EventDate "2000.06.14"]

1. d4 e6 2. Nf3 f5 3. d5 d6 4. dxe6 Bxe6 5. Nd4 Bd7 6. c4 Nc6 7. Nc3 g6 8. h4
Bg7 9. Bg5 Bf6 10. Nd5 Bxg5 11. hxg5 Ne5 12. Nf3 c6 13. Nc3 Qc7 14. Qd4 Ne7 15.
c5 Nf7 16. O-O-O dxc5 17. Qxc5 Qb6 18. Na4 Qxc5+ 19. Nxc5 O-O-O 20. e3 Kc7 21.
Bc4 Nd6 22. Rxd6 Kxd6 23. Nxb7+ Kc7 24. Nxd8 Kxd8 25. Ne5 Be8 26. Kc2 Kc7 27.
Kc3 c5 28. Bf7 Nc6 29. Nxc6 Bxf7 30. Ne5 Be8 31. Nd3 Kd6 32. Nf4 Bf7 33. b3 a5
34. Rh4 Kc6 35. Nd3 Kd6 36. Nb2 Kc6 37. Nc4 Bxc4 38. Kxc4 Kd6 39. Rh1 Kc6 40.
a3 Kd6 41. Rd1+ Ke6 42. Rd5 a4 43. bxa4 Ra8 44. Rxc5 Rxa4+ 45. Kb3 Ra7 46. a4
Kd6 47. Rc8 Rb7+ 48. Ka3 Kd5 49. a5 Ke4 50. Rd8 Ke5 51. Rd2 f4 52. exf4+ Kxf4
53. a6 Ra7 54. Rd6 Kxg5 55. Kb4 Kf4 56. Kb5 Ke5 57. Rd8 Rc7 58. Kb6 Rc2 59. a7
Rb2+ 60. Kc5 Rc2+ 61. Kb4 1-0

[Event "Manhem IM Swiss"]
[Site "?"]
[Date "2000.06.18"]
[Round "5"]
[White "Nygren, Kim"]
[Black "Westerinen, Heikki"]
[Result "0-1"]
[WhiteElo "2189"]
[BlackElo "2392"]
[PlyCount "190"]
[EventDate "2000.06.14"]

1. e4 e5 2. Nf3 Nc6 3. Bb5 Nf6 4. O-O Nxe4 5. d4 Nd6 6. Bxc6 dxc6 7. dxe5 Ne4
8. Qe2 Bf5 9. Rd1 Qc8 10. Nd4 Bc5 11. b4 Bb6 12. f3 Qd7 13. Be3 O-O-O 14. g4
Be6 15. a4 a5 16. c4 c5 17. bxc5 Bxc5 18. h3 f6 19. exf6 Nxf6 20. Nc3 Bxd4 21.
Rxd4 Qf7 22. Rb1 Rxd4 23. Bxd4 Bxc4 24. Qb2 Ba6 25. Nb5 Nd5 26. Na7+ Kd7 27.
Qb3 c6 28. Nb5 Rf8 29. Bc5 Rb8 30. Nd6 Qf4 31. Nf5 Re8 32. Rd1 Qe5 33. Bf2 g6
34. Ng3 Kc8 35. Ne4 Rd8 36. Bg3 Qe7 37. Re1 Qb4 38. Nd6+ Kd7 39. Qd1 Qc5+ 40.
Kh2 Rf8 41. Ne4 Qa3 42. Nd2 Qd3 43. Qc1 Kc8 44. Re6 Nc3 45. Nb3 Qc4 46. Qh6 Rf7
47. Re1 Ne2 48. Qe3 Nxg3 49. Kxg3 Qd5 50. Nc5 Qd6+ 51. Kg2 Rf8 52. Rc1 Rd8 53.
Ne4 Qd4 54. Qb3 Qd5 55. Qb6 Qd4 56. Qb3 Qb4 57. Qe6+ Kb8 58. Qe5+ Ka8 59. Kg3
Qxa4 60. Qc7 Qd4 61. Qxa5 Re8 62. Qa3 Qe5+ 63. Kg2 Qb5 64. Re1 Qd3 65. Qc1 Rd8
66. Nf2 Qd2 67. Qa1 Rf8 68. Qe5 Qf4 69. Qc3 h5 70. Ra1 Qf6 71. Qa3 hxg4 72.
hxg4 Rh8 73. Qa5 Qd6 74. Nh3 Qd4 75. Qe1 Qf6 76. Rd1 Rd8 77. Rxd8+ Qxd8 78. Nf4
g5 79. Ne6 Qe7 80. Qe5 Ka7 81. Qd4+ b6 82. Nxg5 Qxg5 83. Kg3 Bc8 84. Qd6 Kb7
85. Qd3 Qe5+ 86. Kg2 b5 87. Qh7+ Kb6 88. Qg8 Kc7 89. Qf7+ Bd7 90. Qa2 b4 91.
Qa7+ Kd8 92. Qb6+ Ke8 93. Qxb4 c5 94. Qd2 c4 95. Qh6 c3 0-1